Geography of the world's major regions
Αποθηκεύτηκε σε:
| Κύριος συγγραφέας: | |
|---|---|
| Μορφή: | Βιβλίο |
| Γλώσσα: | English |
| Δημοσίευση: |
London; New York :
Routledge,
1996
|
| Θέματα: | |
| Ετικέτες: |
Προσθήκη ετικέτας
Δεν υπάρχουν, Καταχωρήστε ετικέτα πρώτοι!
|
MARC
| LEADER | 00000nam a2200000 i 4500 | ||
|---|---|---|---|
| 001 | 1/11157 | ||
| 008 | 970912s1996 eng d | ||
| 020 | |a 0-415-11743-7 | ||
| 035 | |1 ΠΑΡ |a 1997 |b 06/12 |c ΒΟΥΛΓΑΡΑΚΗΣ |l 10018145 | ||
| 040 | |a GR-MY-UA |b gre |e aacr | ||
| 041 | 0 | |a eng | |
| 082 | 0 | |a 910 | |
| 100 | 1 | |a Cole, J. P. |q (John Peter) |d 1928- | |
| 245 | 1 | 0 | |a Geography of the world's major regions / |c John Cole |
| 260 | |a London; New York : |b Routledge, |c 1996 | ||
| 300 | |a 474 p. | ||
| 504 | |a Includes bibliographical references and index | ||
| 650 | 0 | 0 | |a Geography. |
| 852 | |a INST |b LESVOS |e 19970912 |h 910 COL |p 005100015584 |q 005100015584 |t BK |y 0 | ||
| 909 | |a Λ |b 050880 | ||
| 922 | |a 1ΕΛΗ |b 199709 |c ΒΟΥΛΓΑΡΑΚΗΣ |d ΚΩΣΤΑΡΑΚΗΣ | ||
| 950 | |a 078-1997-06-30 | ||